Súčasti odevov - možná príčina alergií

Bibliographic Details
Main Author: Štefanovič, Ján, 1928- (Author)
Format: Article
Language:Slovak
PhysicalDescription:Obr.
ISSN:1335-6194
Subjects:

MARC

LEADER 00000nab a2200000 a 4500
001 vtls000851816
003 SK-MaSNL
005 20260304131126.0
008 250429c2003 xo 0 slo
015 |a SNBRB2003/11-32785 
035 |a CLN000203471 
035 |a urn:nbn:sk:snk-abd4kp 
035 |a (urnnbn)urn:nbn:sk:snk:ar-007bi4 
035 |a (uuid)99f42c34-be21-4696-82e9-d5b2397074b1 
040 |a SNKBUCL  |b slo  |c SNKBUCL  |e AACR2 
041 0 |a slo 
044 |a xo  |c SK 
080 |a 612.017.3:646.4  |2 1997 
100 1 |a Štefanovič, Ján,  |d 1928-  |4 aut  |9 155923 
245 1 0 |a Súčasti odevov - možná príčina alergií  |c Ján Štefanovič 
300 |b Obr. 
504 |a Res. slov. 
650 0 7 |a hypersenzitivita  |x imunológia  |2 MESH  |9 1438890 
650 0 7 |a alergény  |2 MESH  |9 19079 
650 0 7 |a textílie  |x účinky nežiadúce  |x toxicita  |2 MESH  |9 1443730 
650 0 7 |a materiály priemyselne vyrábané  |x analýza  |2 MESH  |9 1443731 
655 7 |a články z novín a časopisov  |2 snkbucl  |9 267496 
773 0 |t Alergo  |g Roč. 4, č. 2 (2003), s. 6-8  |x 1335-6194 
850 |a Slovenská národná knižnica 
852 |a Slovenská národná knižnica 
954 |a odborná, vedecká literatúra pôvodná (slovenská)  |2 lita 
958 |a article17 
958 |a OND 
958 |a MI 
958 |a EUIPO 
999 |c 2896169  |d 2898099